LEADER 01576nam a2200301 i 4500 001 000000209078 003 CaOOAMICUS 005 20111205000000.0 008 111205s1955 it u000 u ger u 013 $a187867 040 $aSeMil$bita 100 1 $aMaier, Anneliese <1905-1971>.$0(OLS)http://semarc/name/5533 245 10$aMetaphysische Hintergünde der spätscholastischen Naturphilosophie /$cAnneliese Maier. 260 $aRoma :$bEdizioni di Storia e Letteratura,$c1955. 300 $aVIIII, 405 p. ;$c26 cm. 490 0 $aStoria e letteratura : raccolta di studi e testi ;$v52 500 $aEsempl. n. 283 di ed. num. 650 4$aFilosofia e scienza.$0(OLS)http://semarc/subject/5794 650 4$aFilosofia della natura .$0(OLS)http://semarc/subject/4137 650 4$aNatura - Filosofia - Sec. 14.$0(OLS)http://semarc/subject/4138 773 0 $aMaier, Anneliese <1905-1971>$tStudien zur Naturphilosophie der Spätscholastik.$dRoma : Edizioni di Storia e Letteratura, 1949-1958.$kStoria e letteratura$g4$w()25897 830 0$aStoria e letteratura ;$v52.$0(OLS)http://semarc/title/420 850 $aSeMil 852 $aSeMil$W1$xVenegono$y1$m3T V 52$j159532$B159532$CSeMilBibl$Z2$F170591 $81 852 $aSeMil$W1$xVenegono$y1$m175 1 52 *$j233512$B241908$CSeMilBibl$Z2$F241908 $81 961 $aAcquisto: Altro 996 $6245$aMetaphysische Hintergünde der spätscholastischen Naturphilosophie$9(OLS)http://semarc/title/302238 996 $6260$aRoma :$bEdizioni di Storia e Letteratura$9(OLS)http://semarc/publisher/29779 LEADER 01359nas a2200229 i 4500 001 000000217504 003 CaOOAMICUS 005 20121206000000.0 008 121206b1974 it uu u0 0mul r 013 $a196401 040 $aSeMil$bita 100 1 $aFacelina, Raymond.$0(OLS)http://semarc/name/76743 245 10$aChristianism and religions :$bInternational bibliography, 1972-june 1974 indexed by computer = Christianisme et religions : bibliographie internationale, 1972-juin 1974 établie par ordinateur /$cRaymond Facelina. 246 01$aChristianisme et religions : bibliographie internationale, 1972-juin 1974 établie par ordinateur 260 $aStrasbourg :$bCerdic,$c1974. 300 $a57 p. ;$c21 cm. 773 0 $tRIC Supplément.$dStrasbourg : Cerdic, [198?]$w()27777 850 $aSeMil 852 $aSeMil$W1$xVenegono$y1$m2J V 57$j252987$B167918$CSeMilBibl$Z2$F178689 $81 996 $6245$aChristianism and religions :$bInternational bibliography, 1972-june 1974 indexed by computer = Christianisme et religions : bibliographie internationale, 1972-juin 1974 établie par ordinateur$9(OLS)http://semarc/title/312520 996 $6246$aChristianisme et religions : bibliographie internationale, 1972-juin 1974 établie par ordinateur$9(OLS)http://semarc/title/312521 996 $6260$aStrasbourg :$bCerdic$9(OLS)http://semarc/publisher/30828